000 01533nam a2200217Ia 4500
003 Ost
005 20260507075047.0
008 260507s9999||||xx |||||||||||||| ||und||
040 _cfsecg
041 _aara
082 _a300
100 _aأبو بكر، مصطفي محمود
_eمؤلف
245 0 _aدليل المدير المعاصر :
_bالوظائف الأدوار المهارات والصفات /
_c مصطفي محمود أبو بكر
260 _aالإسكندرية:
_bالدار الجامعية,
_c2001
300 _a477 صفحة؛
_bإيضاحات ؛
_c24 سم
520 _aالإدارة الفعالة حتمية لمواجهة التحديات المعاصرة-عملية التخطيط ودور المدير المعاصر -بيئة المنظمة وضغوط العمل على المدير-التنظيم الإداري الفعال ودور المدير المعاصر-الهيكل التنظيمي وتأثيره على فعالية الإدارة وكفاءة المدير المعاصر-المدير الفعال وعملية التغيير والتطوير التنظيمي-المقومات الأساسية للمدير كمفاوض ناجح-مهارات الإتصال الفعال لدى المدير المعاصر-المدير الفعال مع الأزمات الإدارية-متطلبات كفاءة القرارات في مواجهة تحديات العولمة
653 _aالإدارة
653 _aالتنظيم
653 _aالرؤساء والمديرون
942 _cكتاب
999 _c42593
_d42593